000 00365cam a22001097a 4500
008 180718b1987 xxu||||| |||| 00| 0 eng d
082 _aT112x5433 P969/1980-87
245 _aEstimates of state income of Punjab
_cby Economic Adviser to Government
260 _aChandigarh
_bGovernment of Punjab
_c1987
300 _a65p
700 _aPunjab. Economic Adviser to Government
999 _c496837
_d496837